A-Z Geography: containing "don" - Statistics

General Stats
  • This quiz has been taken 16 times
  • The average score is 9 of 26
Answer Stats
Clue Place % Correct
L The British capital city (6) London
87%
D River in Rostov, Sheffield, and Aberdeen (3) Don
80%
I Large country which covers many islands (9) Indonesia
80%
W District of London which is famous for tennis and Wombles (9) Wimbledon
80%
N Country formerly in Yugoslavia (14) North Macedonia
73%
A A singer, Crosby, inhabits this Oxfordshire town (8 letters) Abingdon-on-Thames
53%
G Chinese province where the world's largest metropolis is located (9) Guangdong
53%
B Essex town where Bond, or Fawlty, could be found (8) Basildon
47%
C Footballer Keane for a visit to this southern borough of London (7) Croydon
47%
S The largest town in Wiltshire, a place of victory (7) Swindon
47%
P Alternative dessert served in airport and district of Shanghai (6) Pudong
33%
H Auditory and Scottish-sounding Australian isles, penalised by US tariffs (23) Heard and McDonald Islands
27%
Y Read on to reveal name of suburb near Leeds, and in Philadelphia (6) Yeadon
27%
E I lean on an islet and castle in the West Highlands (11) Eilean Donan
20%
F Oxfordshire town where jewellery is found (9) Faringdon
20%
K Georgian bands feature in gold-tipped Austrian town on the Danube (15) Krems an der Donau
13%
Q City just across the river from the above, at the mouth of the Yangtze (6) Qidong
13%
U Thai province has more than I imagined (9) Udon Thani
13%
V Brazilian city whose 2-word name means "Turn round" (12) Volta Redonda
13%
X Airport in Nantong, close to Q (8) Xingdong
13%
J First person in a township of Taiwan (7) Jiadong
7%
M Uruguayan city and Venezuelan racing driver (9) Maldonado
7%
T Foreigner at Tower of London; no escape for he's Spanish (12) Torrelodones
0%
O Italian capital you don't see in Canada (10) Oro-Medonte
0%
R On a river, I and a Brazilian (8) Rondônia
0%
Z How one hears of this obscure Chinese place, I'll never know (8) Zhaodong
0%
No matching quizzes found
Score Distribution
Percent of People with Each Score
Percentile by Number Answered
Your Score History
You have not taken this quiz